000 01714nam a2200277Ia 4500
999 _c46495
_d46495
001 13334
003 GE_BSU
005 20240903173929.0
008 181216s2014||||ge |||||||||||||| ||geo||
020 _a9789941224362
040 _cGE_BSU
041 _ageo
082 _a327(100)(09) მ-27
100 _aმანველიძე, ირაკლი
_92014
245 _aსაერთაშორისო ურთიერთობების ისტორია :
_b[მონოგრაფია]. ნაწ. 1, (ძველი პერიოდი) /
_cირაკლი მანველიძე, გელა ირემაძე ; რედ. კახაბერ სურგულაძე ; ბათუმის შოთა რუსთაველის სახელმწ. უნ-ტი, სოციალურ მეცნ. დეპარტამენტი.
264 _aთბილისი :
_bუნივერსალი,
_c2014.
300 _a197გვ. ;
_c20 სმ.
500 _aბიბლიოგრაფია ტექსტის შენიშვნებში და გვ. 198-199
500 _a
500 _a
653 _aსაერთაშორისო ურთიერთობების ისტორია
700 _aირემაძე, გელა
_e ავტორი
_922490
700 _aსურგულაძე, კახაბერ
_eრედაქტორი
_923154
710 _aბათუმის სახელმწიფო უნივერსიტეტი
_bსოციალურ მეცნიერებათა დეპარტამეტი
_923155
942 _cBK
_2udc